000 00537nam a2200193Ia 4500
003 GCL
008 140319s9999 xx 000 0 eng d
040 _aGCL /
_cGCL
082 0 4 _a128.2
_bC T
100 1 _aSMITH, PETER K
245 1 0 _aTHEORIES OF THEORIES OF MIND /
_cSMITH, PETER K
700 1 _aCARRUTHERS, PETER
260 _a[S.N] :
_bCAMBRIDGE UNIVERSITY PRESS ،
_c1996
300 _a390 P
650 0 4 _aPHILOSOPHY OF MIND - CONGRESS
650 0 4 _aPHILOSOPHY OF MIND IN CHILDERN
650 0 4 _aCONGRESSES
942 _2ddc
_cBK
999 _c13746
_d13746